5-Star Shakespeare Plays Quiz Stats

Quiz Updated Jul 17, 2015

Challenge
Share
Tweet
Embed
Score 0/0 Timer 00:00
3 Plays Today
% Correct
Mercutio
87.6%
Brutus
83.6%
Tybalt
83%
Macduff
81.9%
Ophelia
79.8%
Puck
76%
Iago
75.7%
Friar Laurence
74.6%
Mark Antony
74.2%
Duncan
74.2%
Desdemona
72.7%
Banquo
68.9%
Polonius
68.4%
Oberon
68.4%
Benvolio
67.9%
Titania
67.8%
King Edward IV
67.6%
Cordelia
67.5%
Duke of Buckingham
65.1%
Goneril
63.5%
Horatio
63.3%
Beatrice
63.1%
Laertes
62.8%
Nick Bottom
62.6%
Gertrude
62.5%
% Correct
Cicero
62.3%
Prospero
62.1%
Lord Hastings
61.7%
Regan
61.6%
Lady Anne
61.6%
Paris
60.6%
Benedick
60.1%
Ariel
59.6%
Caliban
59.2%
Miranda
53.1%
Calpurnia
50.6%
Helena
47.8%
Don Pedro
44.9%
Fool
44.7%
Cassio
44.2%
Hero
42.4%
Edmund
41.6%
Claudio
40.6%
Hecate
40.3%
Cinna
39.5%
Roderigo
39.1%
Emilia
37.1%
Clarence
34.8%
Siward
31.3%
Alonso
29.9%

You're not logged in!

Compare scores with friends on all Sporcle quizzes.
Sign Up with Email
OR
Log In

You Might Also Like...

Show Comments

Extras

Top Quizzes Today


Score Distribution

Your Account Isn't Verified!

In order to create a playlist on Sporcle, you need to verify the email address you used during registration. Go to your Sporcle Settings to finish the process.

Report this User

Report this user for behavior that violates our Community Guidelines.

Details: